<?xml version="1.0" encoding="UTF-8"?>
<collection xmlns="http://www.loc.gov/MARC21/slim">
 <record>
  <leader>01890nam a22004577i 4500</leader>
  <controlfield tag="001">000676791</controlfield>
  <controlfield tag="003">CZ-PrVSE</controlfield>
  <controlfield tag="005">20200629153922.0</controlfield>
  <controlfield tag="007">ta</controlfield>
  <controlfield tag="008">200629s1929    xr     frp    000 0 cze d</controlfield>
  <datafield tag="015" ind1=" " ind2=" ">
   <subfield code="a">cnb000541220</subfield>
  </datafield>
  <datafield tag="020" ind1=" " ind2=" ">
   <subfield code="q">(Vázáno)</subfield>
  </datafield>
  <datafield tag="035" ind1=" " ind2=" ">
   <subfield code="a">(OCoLC)85290054</subfield>
  </datafield>
  <datafield tag="040" ind1=" " ind2=" ">
   <subfield code="a">ABA006</subfield>
   <subfield code="b">cze</subfield>
   <subfield code="c">ABA006</subfield>
   <subfield code="d">ABA006</subfield>
   <subfield code="e">rda</subfield>
  </datafield>
  <datafield tag="072" ind1=" " ind2="7">
   <subfield code="a">783</subfield>
   <subfield code="x">Církevní hudba. Duchovní hudba. Náboženská hudba</subfield>
   <subfield code="2">Konspekt</subfield>
   <subfield code="9">9</subfield>
  </datafield>
  <datafield tag="072" ind1=" " ind2="9">
   <subfield code="a">781.7</subfield>
   <subfield code="x">Sacred music</subfield>
   <subfield code="2">Conspectus</subfield>
   <subfield code="9">9</subfield>
  </datafield>
  <datafield tag="080" ind1=" " ind2=" ">
   <subfield code="a">783.6</subfield>
   <subfield code="2">MRF_2003</subfield>
  </datafield>
  <datafield tag="080" ind1=" " ind2=" ">
   <subfield code="a">82-192</subfield>
   <subfield code="2">MRF_2003</subfield>
  </datafield>
  <datafield tag="080" ind1=" " ind2=" ">
   <subfield code="a">(0.027.6)</subfield>
   <subfield code="2">MRF_2003</subfield>
  </datafield>
  <datafield tag="099" ind1=" " ind2="9">
   <subfield code="a">783.6TÁB</subfield>
  </datafield>
  <datafield tag="245" ind1="0" ind2="0">
   <subfield code="a">Pobožné a modlitebné prozpěvování ve dnech těchto bídných, hrozných a pokušení plných :</subfield>
   <subfield code="b">všem věrným u vyhnání Páně stále trvajícím ku potěšení a posilnění poskytnuté, obzvláštně těm, jenž Kříž Těžký v Vyhnání Pociťují ... /</subfield>
   <subfield code="c">písně našich exulantů vydal redakcí Františka Táborského Jaroslav Preiss</subfield>
  </datafield>
  <datafield tag="264" ind1=" " ind2="1">
   <subfield code="a">V Praze :</subfield>
   <subfield code="b">Jaroslav Preiss,</subfield>
   <subfield code="c">1929</subfield>
  </datafield>
  <datafield tag="264" ind1=" " ind2="3">
   <subfield code="b">Průmyslová tiskárna</subfield>
  </datafield>
  <datafield tag="300" ind1=" " ind2=" ">
   <subfield code="a">47 stran</subfield>
  </datafield>
  <datafield tag="336" ind1=" " ind2=" ">
   <subfield code="a">text</subfield>
   <subfield code="b">txt</subfield>
   <subfield code="2">rdacontent</subfield>
  </datafield>
  <datafield tag="337" ind1=" " ind2=" ">
   <subfield code="a">bez média</subfield>
   <subfield code="b">n</subfield>
   <subfield code="2">rdamedia</subfield>
  </datafield>
  <datafield tag="338" ind1=" " ind2=" ">
   <subfield code="a">svazek</subfield>
   <subfield code="b">nc</subfield>
   <subfield code="2">rdacarrier</subfield>
  </datafield>
  <datafield tag="648" ind1=" " ind2="7">
   <subfield code="a">17. století</subfield>
   <subfield code="7">ch460555</subfield>
   <subfield code="2">czenas</subfield>
  </datafield>
  <datafield tag="650" ind1="0" ind2="7">
   <subfield code="a">duchovní písně</subfield>
   <subfield code="7">ph119634</subfield>
   <subfield code="2">czenas</subfield>
  </datafield>
  <datafield tag="650" ind1="0" ind2="7">
   <subfield code="a">písňové texty</subfield>
   <subfield code="7">ph124876</subfield>
   <subfield code="2">czenas</subfield>
  </datafield>
  <datafield tag="655" ind1=" " ind2="7">
   <subfield code="a">bibliofilie</subfield>
   <subfield code="7">fd131893</subfield>
   <subfield code="2">czenas</subfield>
  </datafield>
  <datafield tag="648" ind1=" " ind2="9">
   <subfield code="a">17th century</subfield>
   <subfield code="2">eczenas</subfield>
  </datafield>
  <datafield tag="650" ind1="0" ind2="9">
   <subfield code="a">sacred songs</subfield>
   <subfield code="2">eczenas</subfield>
  </datafield>
  <datafield tag="650" ind1="0" ind2="9">
   <subfield code="a">texts of songs</subfield>
   <subfield code="2">eczenas</subfield>
  </datafield>
  <datafield tag="655" ind1=" " ind2="9">
   <subfield code="a">bibliophilie</subfield>
   <subfield code="2">eczenas</subfield>
  </datafield>
  <datafield tag="700" ind1="1" ind2=" ">
   <subfield code="a">Táborský, František,</subfield>
   <subfield code="d">1858-1940</subfield>
   <subfield code="7">jk01131979</subfield>
   <subfield code="4">red</subfield>
  </datafield>
  <datafield tag="700" ind1="1" ind2=" ">
   <subfield code="a">Preiss, Jaroslav,</subfield>
   <subfield code="d">1870-1946</subfield>
   <subfield code="7">jk01101029</subfield>
   <subfield code="4">pbl</subfield>
  </datafield>
  <datafield tag="993" ind1=" " ind2=" ">
   <subfield code="a">000534018</subfield>
  </datafield>
  <datafield tag="996" ind1=" " ind2=" ">
   <subfield code="1">PDPZ1</subfield>
   <subfield code="3">P5922</subfield>
   <subfield code="4">N:P</subfield>
   <subfield code="5">3142340261</subfield>
   <subfield code="8">20200629</subfield>
   <subfield code="9">783.6TÁB</subfield>
   <subfield code="f">95</subfield>
   <subfield code="g">53432</subfield>
   <subfield code="l">UEP01</subfield>
   <subfield code="m">BOOK</subfield>
   <subfield code="q">Knihovna Žižkov depoz. 1</subfield>
   <subfield code="t">prezenční - lze objednat</subfield>
   <subfield code="u">UEP01</subfield>
   <subfield code="w">20200629</subfield>
  </datafield>
 </record>
</collection>
